| 000 | 01013nam a2200265Ia 4500 | ||
|---|---|---|---|
| 003 | OSt | ||
| 005 | 20220923211520.0 | ||
| 006 | a|||||r|||| 00| 0 | ||
| 007 | ta | ||
| 008 | 220922b |||||||| |||| 00| 0 hin d | ||
| 020 |
_a9789380719238 (hbk) _c1000 |
||
| 024 | _a289,237 | ||
| 037 |
_b1336, 10/03/2016, Kiran Book Service _cTextual |
||
| 040 |
_aARTS _cARTS _bhin |
||
| 041 |
_2hin _ahin |
||
| 082 | _aY:1.2, 152Q4 | ||
| 100 | _aसोनवणे, शशिकांत, 'सावन' | ||
| 245 | 0 | _aभारत की उपेक्षित लोक संस्कृतियॉं | |
| 246 | _aBhārat kī upekṣhit lok sanskṛutiyaॉan | ||
| 260 |
_aकानपुर _b अभय प्रकाशन _c2014 |
||
| 300 |
_a496पृ. _ccm. |
||
| 650 | _aभारतीय-लोक साहित्य | ||
| 942 |
_hY:1.2, 152Q4 _cTEXL _2CC |
||
| 999 |
_c300317 _d300317 |
||